[Event "Bhopal GM Open 2019"]
[Site "Bhopal"]
[Date "2019.12.24"]
[Round "5.4"]
[White "Yakubboev, Nodirbek"]
[Black "Bharat Kumar Reddy Poluri"]
[Result "1-0"]
[WhiteElo "2592"]
[BlackElo "2337"]
[Annotator "TA"]
[PlyCount "71"]
[EventDate "2019.12.21"]
[EventType "swiss"]
[EventCountry "IND"]
[SourceTitle "playchess.com"]
[Source "ChessBase"]
[SourceQuality "1"]

{[%evp 9,71,0,0,0,0,0,0,-3,29,0,10,-49,-47,-25,0,0,0,0,62,49,54,0,0,0,190,0,123,129,124,110,146,56,158,119,239,108,114,114,248,81,247,247,306,236,329,341,364,372,394,392,753,740,690,682,1127,1112,1406,1341,1379,566,1181,1174,4422,3549]} 1. f4 d5 2. Nf3 e6 3. g3 h5 (3... f5 4. Bg2 Nf6 5. O-O Be7 6. b3 O-O 7. Bb2 Nbd7 8. e3 c5 9. Nc3 b6 10. a4 Bb7 11. Ng5 Re8 12. Nxe6 Qc8 {½-½ (55) Potapov,P (2477)-Lugovskoy,M (2427) Sochi 2015}) 4. Bh3 $146 ({Predecessor:} 4. h3 Nf6 5. d3 Bc5 6. Bg2 b6 7. e3 Bb7 8. Qe2 Nbd7 9. Nc3 Qe7 10. Bd2 O-O-O 11. O-O-O {½-½ (38) Mirski,M (1776)-Kaczmarek,A (2036) Suwalki 2011}) 4... Nf6 5. e3 b6 6. b3 {A03: Bird's Opening with 1...d5} c5 7. Bb2 Nc6 8. O-O {The position is equal.} Bd6 9. Nc3 Bb7 10. d3 (10. Qe2 $11) 10... d4 $15 11. Ne4 Nd5 12. exd4 Ne3 {[%mdl 64] Double Attack} 13. Qe2 Nxf1 {[#]} (13... cxd4 $1 $11 14. Rf2 Bc5) 14. d5 $1 $14 {[%cal Rd5c6][%mdl 512]} Nd4 $1 {[%cal Rd4e2]} (14... exd5 15. Nxd6+) 15. Nxd4 ({Better is} 15. Bxd4 $14 cxd4 16. Rxf1 Bxd5 17. f5) 15... cxd4 $11 16. dxe6 f6 $2 (16... Ne3 $11 17. exf7+ (17. Bxd4 Bxe4 18. dxe4 Ng4 $11) 17... Kxf7 18. Ng5+ (18. Bxd4 Bxe4 19. dxe4 Ng4 $11) 18... Kg8 19. Bxd4 Bxf4 $1 {[%mdl 512]} 20. Be6+ Kf8 21. Bxe3 Bxg5 22. Bxg5 Qxg5 23. Rf1+ Ke8 24. Bd5+ Qe7 25. Qxe7+ Kxe7 26. Rf7+ (26. Bxb7 Raf8 $11) 26... Kd6 27. Bxb7 Rae8) 17. Bxd4 $2 {[#]} ({Don't do} 17. Kxf1 $6 Bc5 $16) (17. Qxf1 $6 h4 $16) (17. Bxf1 Be7) ({White should play} 17. Rxf1 $18 {Bg2 is the strong threat.} Be7 18. Bg2) 17... Bxf4 (17... Nxh2 $1 $11 {[%mdl 512]} 18. Qxh2 Bxe4 19. dxe4 Bxf4 {[%mdl 64] Discovered Attack}) 18. Bb2 $1 $16 {[#]} Nxg3 $1 19. hxg3 (19. Nxg3 Bxg3) 19... Bc7 20. c4 ({White should try} 20. Bg2 $16 {Threatens to win with Nxf6+!} Qc8 21. Rf1) 20... Qe7 (20... Be5 $1 $14 21. Bxe5 fxe5) 21. a4 {Black must now prevent Ba3.} h4 (21... Bxe4 $16 22. Qxe4 O-O) 22. Qg4 (22. Ba3 $18 {has better winning chances.} Qd8 23. Qe3 Bxg3 24. d4) 22... Bxe4 23. Qxe4 Rd8 (23... O-O $16 {keeps fighting.}) 24. gxh4 $2 (24. Qg6+ $1 $18 {is the precise move to win.} Kf8 25. Rf1 $1 {[%mdl 512]} (25. Ba3 Bd6 $17)) 24... Rh6 $2 {[#]} (24... f5 $16 {might work better.} 25. Qxf5 (25. Bxf5 Qxh4 26. Bg6+ Ke7 $14) 25... Qc5+ 26. d4 Qxf5 27. Bxf5 Rxh4) 25. Bf5 $1 $18 Bd6 ({Don't go for} 25... Qd6 $2 26. Bg6+ Kf8 27. Ba3 $18) 26. d4 Qc7 27. Qg4 Bb4 28. Kg2 g5 29. Rh1 Qg7 $2 (29... Qf4) 30. d5 {White is clearly winning.} Be7 31. h5 Bd6 32. Bg6+ Ke7 33. Rf1 Rf8 {[#]} 34. Qxg5 (34. c5 $142 $1 {[%mdl 512]} Bxc5 (34... bxc5 35. Qc4) 35. Qg3) 34... Qh8 35. Qf5 Rxg6+ 36. Qxg6 {Accuracy: White = 50%, Black = 12%.} 1-0

[Event "Bhopal GM Open 2019"]
[Site "Bhopal"]
[Date "2019.12.24"]
[Round "5.5"]
[White "Tukhaev, Adam"]
[Black "Phatak Aanjaneya"]
[Result "1/2-1/2"]
[WhiteElo "2552"]
[BlackElo "1776"]
[Annotator "TA"]
[PlyCount "47"]
[EventDate "2019.12.21"]
[EventType "swiss"]
[EventCountry "IND"]
[SourceTitle "playchess.com"]
[Source "ChessBase"]
[SourceQuality "1"]

{[%evp 13,47,-7,13,18,45,35,5,3,4,3,14,7,20,6,3,7,0,-11,0,-26,-7,-56,-56,-72,-77,-145,-130,-191,-148,-150,-122,-208,0,-148,0,-210]} 1. Nf3 Nf6 2. g3 g6 3. Bg2 Bg7 4. c4 c6 5. O-O O-O 6. d4 d5 7. a4 dxc4 8. Na3 {D73: Fianchetto Grünfeld: 5 Nf3} (8. Qc2 Be6 9. e4 h6 10. Rd1 Na6 11. Ne5 Nb4 12. Qc3 c5 13. d5 Ng4 14. Bf4 g5 15. Bf3 Bc8 16. Bxg4 Bxg4 {0-1 (25) Vidit,S (2702)-Anand,V (2773) Kolkata 2018}) 8... Be6 9. Ng5 $1 Bd5 10. e4 h6 11. exd5 hxg5 12. dxc6 Nxc6 13. Nxc4 Qxd4 14. Qb3 Qd7 $146 ({Predecessor:} 14... Qg4 15. Qxb7 Nd4 16. Ne3 Qe6 17. Nd5 Ne2+ 18. Kh1 Nxd5 19. Qxd5 Qxd5 20. Bxd5 Rad8 21. Bf3 Nxc1 22. Raxc1 Bxb2 {½-½ (22) Bates,R (2370)-Sowray,P (2340) England 2010}) 15. Be3 Ng4 16. Rad1 Qc7 17. Rd5 (17. Bxg5 {feels hotter.} Nd4 18. Qd3 Rfd8 19. Bf4 e5 20. Bg5) 17... Nxe3 18. fxe3 Rac8 19. Na3 ({Better is} 19. Rxg5 b6 20. Rg4) 19... Ne5 20. a5 (20. Rd4 $17) 20... a6 21. Qb6 Ng4 {[#] And now ...Qxb6 would win.} 22. Qb3 (22. Rd3 $17 {keeps fighting.}) 22... Ne5 23. Qb6 $1 Ng4 (23... Qxb6 $17 24. axb6 Ng4) 24. Qb3 $1 {Accuracy: White = 50%, Black = 43%.} 1/2-1/2

[Event "Bhopal GM Open 2019"]
[Site "Bhopal"]
[Date "2019.12.24"]
[Round "5.6"]
[White "Czebe, Attila"]
[Black "Rios, Cristhian Camilo"]
[Result "0-1"]
[WhiteElo "2374"]
[BlackElo "2505"]
[Annotator "TA"]
[PlyCount "67"]
[EventDate "2019.12.21"]
[EventType "swiss"]
[EventCountry "IND"]
[SourceTitle "playchess.com"]
[Source "ChessBase"]
[SourceQuality "1"]

{[%evp 9,67,-6,0,-3,-6,-22,-2,-18,-3,-11,-10,-20,-6,-33,-31,-37,-29,-50,-32,-41,-29,-83,-85,-97,-85,-71,-67,-95,-94,-168,-96,-150,-155,-151,-166,-217,-212,-209,-215,-216,-215,-231,-255,-317,-299,-403,-395,-484,-418,-537,-566,-538,-556,-540,-537,-1352,-1314,-2056,-2025,-29983]} 1. Nf3 d5 2. g3 g6 3. c4 dxc4 4. Na3 Bg7 5. Nxc4 Nc6 6. Bg2 {A09: Réti Opening: 1 Nf3 d5 2 c4} (6. d3 e5 7. Bd2 Nge7 8. h4 h6 9. Bc3 f6 10. Ne3 Be6 11. h5 g5 {0-1 (72) Grischuk,A (2771)-Nepomniachtchi,I (2763) St Petersburg 2018}) 6... e5 7. d3 Nge7 8. Bd2 {The position is equal.} Be6 $146 ({Predecessor:} 8... O-O 9. O-O a5 10. b3 Be6 11. Rc1 f6 {1-0 (37) Pantsulaia,L (2605)-Grigoriants,S (2568) chess.com INT 2018}) 9. Bc3 {[%cal Rf3e5]} f6 10. O-O O-O 11. b3 Qd7 12. Rc1 a5 {[%cal Ba7a5,Ba5a4][%mdl 32]} 13. Qd2 {[%cal Rc4a5]} a4 14. b4 Nd5 15. b5 {[#]} (15. Bb2 $11) 15... Na7 $1 $17 16. b6 Nxb6 17. Nxb6 cxb6 18. a3 Rfc8 19. Qe3 {[#]} (19. h4 $17) 19... Nb5 (19... Bf8 $1 $19 {[%cal Rf8a3]} 20. Bb2 Nb5) 20. Bb2 (20. Bb4 $142) 20... Bf8 21. d4 exd4 22. Nxd4 (22. Qf4 $142) 22... Rxc1 $19 23. Rxc1 Nxd4 24. Bxd4 {[#] next Bxb7! is good for White.} Bxa3 $1 {[%mdl 576] Deflection} 25. Qxa3 Qxd4 26. h4 b5 {White must now prevent ...b4.} 27. Qe7 Qd7 28. Qxf6 b4 29. h5 Qf7 {Black is clearly winning.} 30. Qe5 {Threatens to win with Rc7.} a3 31. h6 b3 32. Bxb7 b2 ({Wrong is} 32... Qxb7 $2 33. Rc7 $18) 33. Rd1 Rf8 34. Qc3 {Accuracy: White = 30%, Black = 81%.} 0-1

[Event "Bhopal GM Open 2019"]
[Site "Bhopal"]
[Date "2019.12.24"]
[Round "5.7"]
[White "Mirzoev, Azer"]
[Black "Franco Valencia, Angela"]
[Result "*"]
[WhiteElo "2457"]
[BlackElo "2167"]
[Annotator "TA"]
[PlyCount "54"]
[EventDate "2019.12.21"]
[EventType "swiss"]
[EventCountry "IND"]
[SourceTitle "playchess.com"]
[Source "ChessBase"]
[SourceQuality "1"]

{[%evp 14,54,50,56,524,95,109,66,66,58,65,61,86,75,83,72,97,89,110,108,91,72,93,66,73,82,111,79,106,100,116,98,131,98,106,99,135,122,142,137,570,118,129]} 1. d4 Nf6 2. Nf3 c5 3. d5 e6 4. Nc3 Nxd5 5. Nxd5 exd5 6. Qxd5 Nc6 7. e4 d6 8. Ng5 {[%csl Gg5][%cal Rd5f7]} Ne5 $2 {[%mdl 8192] [#] A43: Schmid Benoni} (8... Qd7 $14) 9. Bb5+ $2 (9. f4 $1 $18 {[%cal Rf4e5] is the precise move to win.} h6 10. Bb5+ Bd7 11. fxe5 hxg5 12. O-O (12. Qxb7 Bxb5 13. Qxb5+ Qd7 $16)) 9... Bd7 $16 {Strongly threatening ...Qa5+.} 10. Bxd7+ Qxd7 {White is slightly better.} 11. Bf4 Qc6 12. O-O-O Qxd5 13. Rxd5 Be7 14. Rhd1 f6 $146 ({Predecessor:} 14... O-O-O 15. Bxe5 Bxg5+ {1-0 (52) Pashikian,A (2585)-Ahmadzada,A (2283) Batumi 2018}) 15. Ne6 Kf7 16. Nc7 Rad8 17. R5d2 h5 18. Nd5 g5 19. Be3 Rd7 20. f3 Bd8 21. b3 Ba5 22. Re2 b5 23. Kb1 Re8 24. Bc1 Kg6 25. h3 c4 26. Bb2 Nc6 $2 {[%mdl 8192] [#]} (26... Rb7 $16 {is more resistant.} 27. f4 Nd7) 27. g3 $2 (27. Nxf6 $18 {and the rest is easy.} Ree7 28. Nxd7 Rxd7 29. e5) 27... Bd8 {Accuracy: White = 29%, Black = 26%.} *

[Event "Bhopal GM Open 2019"]
[Site "Bhopal"]
[Date "2019.12.24"]
[Round "5.8"]
[White "Raahul V S"]
[Black "Khusenkhojaev, Muhammad"]
[Result "0-1"]
[WhiteElo "2252"]
[BlackElo "2427"]
[Annotator "TA"]
[PlyCount "31"]
[EventDate "2019.12.21"]
[EventType "swiss"]
[EventCountry "IND"]
[SourceTitle "playchess.com"]
[Source "ChessBase"]
[SourceQuality "1"]

{[%evp 9,31,-2,-2,-2,7,-20,0,0,0,0,0,-25,-4,-38,-10,-11,10,-12,-13,-33,-43,-458,-452,-593]} 1. c4 Nf6 2. Nc3 d5 3. cxd5 Nxd5 4. e4 Nxc3 5. dxc3 Qxd1+ 6. Kxd1 {A16: English Opening: 1...Nf6 with ...d5} e5 (6... Nd7 7. Be3 e5 8. Bc4 Bc5 9. Ke2 Bxe3 10. Kxe3 Nb6 11. Be2 Be6 12. Nf3 f6 13. h4 {½-½ (67) Zwardon,V (2389)-Ponizil,C (2436) Czechia 2015}) 7. Bd3 Be6 8. Nf3 $146 {The position is equal.} ({Predecessor:} 8. f4 exf4 9. Bxf4 c6 10. Nf3 Nd7 11. Re1 Nc5 12. Bf1 Be7 13. h3 {0-1 (60) Surtaev,A (2023)-Kardashevskiy,E (2164) Barnaul 2014}) 8... f6 9. Nd2 Nd7 10. Kc2 a5 11. Bb5 (11. Bc4 $5 {[%cal Rc4e6]} Kf7 12. Bxe6+ Kxe6 13. Rd1 $11) 11... c6 12. Bc4 Kf7 13. Bxe6+ Kxe6 14. Nc4 b5 15. Nb6 $2 {[%mdl 8192] [#]} (15. Ne3 $15) 15... Nxb6 $19 16. a4 {Accuracy: White = 16%, Black = 30%.} 0-1

[Event "Bhopal GM Open 2019"]
[Site "Bhopal"]
[Date "2019.12.24"]
[Round "5.9"]
[White "Varun, Vij"]
[Black "Abdisalimov, Abdimalik"]
[Result "1-0"]
[WhiteElo "1964"]
[BlackElo "2394"]
[Annotator "TA"]
[PlyCount "23"]
[EventDate "2019.12.21"]
[EventType "swiss"]
[EventCountry "IND"]
[SourceTitle "playchess.com"]
[Source "ChessBase"]
[SourceQuality "1"]

{[%evp 11,83,0,1,-5,58,54,66,65,87,88,196,215,515,362,332,277,274,270,261,267,270,248,276,281,284,285,275,291,275,243,246,237,268,268,275,276,283,274,275,262,322,263,279,239,322,316,305,309,276,307,304,298,293,300,281,294,428,414,499,489,578,562,556,545,528,507,505,465,464,466,523,493,697,692]} 1. e4 c5 2. Nc3 d6 3. f4 g6 4. Nf3 Bg7 5. Bc4 Nc6 6. O-O e6 7. d4 {B23: Closed Sicilian: Lines without g3} Nxd4 (7... cxd4 $11 8. Nb5 Nge7) (7... cxd4 8. Nb5 Na5 9. Bd3 e5 10. b4 Nc6 11. Bc4 Nf6 12. c3 a6 13. Ng5 axb5 14. Bxf7+ Ke7 15. cxd4 Nxd4 {½-½ (33) Nepomniachtchi,I (2775)-Giri,A (2779) Paris 2019}) 8. Be3 $14 {[%cal Rf3d4]} Nxf3+ 9. Qxf3 {White is slightly better.} ({But not} 9. Rxf3 Bxc3 10. bxc3 Nf6 $15) 9... Ne7 10. f5 gxf5 (10... exf5 $16 11. exf5 gxf5) 11. exf5 $18 Be5 $146 (11... exf5 12. Rad1 Be6 13. Bxe6 fxe6) ({Predecessor:} 11... Bxc3 12. fxe6 Bxe6 13. Bb5+ Kf8 14. bxc3 Nf5 {1-0 (30) Lohia,S (1562)-Zerhusen,M (1711) Heusenstamm 2018}) 12. Qh5 {Played: Be3-g5} 1-0

[Event "Bhopal GM Open 2019"]
[Site "Bhopal"]
[Date "2019.12.24"]
[Round "5.10"]
[White "Jay Kundaliya"]
[Black "Manik, Mikulas"]
[Result "1/2-1/2"]
[WhiteElo "2088"]
[BlackElo "2379"]
[Annotator "TA"]
[PlyCount "59"]
[EventDate "2019.12.21"]
[EventType "swiss"]
[EventCountry "IND"]
[SourceTitle "playchess.com"]
[Source "ChessBase"]
[SourceQuality "1"]

{[%evp 11,59,28,28,21,36,25,59,64,52,61,52,47,67,58,73,12,15,18,23,24,38,0,0,0,19,-62,-49,-144,-141,-149,-146,-131,-151,-101,0,0,0,0,0,-29989,-29990,-29990,-29991,-29991,-29992,-29992,-29993,-29993,1583,-29999]} 1. e4 c5 2. Nf3 d6 3. d4 cxd4 4. Nxd4 Nf6 5. Nc3 a6 6. Bg5 Nbd7 7. Qe2 {B94: Sicilian Najdorf: 6 Bg5 Nbd7} (7. Bc4 Qb6 8. Bb3 e6 9. Qd2 Be7 10. O-O-O Nc5 11. f3 Bd7 12. g4 Qc7 13. a3 b5 14. Ba2 Qb7 15. b4 {½-½ (36) Cheparinov,I (2666)-Saric,I (2681) Patras 2019}) 7... h6 8. Bh4 e5 9. Nf5 {White is slightly better.} g6 10. Ne3 Be7 11. O-O-O O-O 12. f3 b5 13. Bf2 $146 (13. Kb1 $16) ({Predecessor:} 13. a3 Nb6 14. Bxf6 Bxf6 {½-½ (42) Smirnov,A (2479)-Gordon,S (2496) Bangkok 2016}) 13... Nb6 $11 14. a3 Be6 15. h4 Rc8 {Black wants to play ...Rxc3!} 16. Qd2 Qc7 17. Bd3 Rfd8 $1 18. g4 (18. h5 $11 g5 19. Qe2) 18... d5 $15 {White must now prevent ...b4.} 19. exd5 (19. Nf5 $1 $15 Bxf5 20. gxf5) 19... Nfxd5 20. Nexd5 Nxd5 21. Nxd5 Bxd5 22. Qxh6 {[#]} Bf8 ({Of course not} 22... Bxf3 $6 {[#]} 23. Bxg6 $1 {[%mdl 512]} Rxd1+ 24. Rxd1 $11) (22... Rd6 $1 $17 23. Bg3 Re6) 23. Qe3 $11 Bxa3 24. bxa3 {h5 is the strong threat.} Qc3 25. Be1 $2 {[%mdl 8192]} (25. h5 $11 e4 26. hxg6 Qxa3+ 27. Kd2 Qc3+ 28. Kc1 Qa3+ 29. Kd2 Qc3+ 30. Kc1 Qa3+) 25... Qxa3+ 26. Kd2 {[#]} Rxc2+ $1 {[%mdl 576] Deflection} 27. Bxc2 (27. Kxc2 Bb3+) 27... Bc4+ 28. Qd3 Bxd3 29. Bf2 Qc3+ $4 {[%mdl 8192]} (29... Bc4+ {avoids the disaster.} 30. Bd4 Rxd4+ 31. Bd3 Qxd3+ {[%mdl 64] Double Attack} 32. Kc1 Qa3+ 33. Kb1 Qa2+ 34. Kc1 Bb3 35. Rxd4 Qc2#) 30. Kc1 $4 {[%mdl 40960] Accuracy: White = 43%, Black = 57%. . An unexpected result.} (30. Kxc3 $18 Rc8+ 31. Kxd3) 1/2-1/2

[Event "Bhopal GM Open 2019"]
[Site "Bhopal"]
[Date "2019.12.24"]
[Round "5.11"]
[White "Anadkat Kartavya"]
[Black "Lugovskoy, Maxim"]
[Result "0-1"]
[WhiteElo "2023"]
[BlackElo "2466"]
[Annotator "TA"]
[PlyCount "122"]
[EventDate "2019.12.21"]
[EventType "swiss"]
[EventCountry "IND"]
[SourceTitle "playchess.com"]
[Source "ChessBase"]
[SourceQuality "1"]

{[%evp 15,122,20,42,27,46,54,61,47,55,52,55,49,58,47,46,58,56,0,108,45,77,81,77,53,95,83,97,70,79,43,50,48,52,29,37,10,38,0,12,9,46,12,61,39,66,18,64,52,88,34,38,14,22,22,34,31,31,23,29,6,83,0,0,0,0,0,21,-99,-99,-98,-99,-137,-99,-99,-99,-104,-95,-122,-131,-287,-278,-293,-258,-364,-183,-192,-145,-149,-119,-130,-75,-150,-125,-125,-119,-120,-61,-87,-51,-45,-15,-197,0,0,0,-149,-97,-330,0]} 1. e4 e6 2. d4 d5 3. Nc3 Bb4 4. e5 c5 5. a3 Bxc3+ 6. bxc3 Qa5 7. Bd2 Qa4 8. Qg4 g6 9. Nf3 {C18: French: 3 Nc3 Bb4: Main line: 7 h4 and 7 Qg4} Nc6 10. Be2 c4 (10... Bd7 11. O-O c4 12. Ra2 O-O-O 13. Bg5 Rf8 14. Qh4 h6 15. Rb1 Rh7 16. h3 f5 17. exf6 Rff7 18. Qg3 Qa5 19. Bf4 Nxf6 20. Nd2 {1-0 (50) Saric,I (2689)-Lupulescu,C (2606) Batumi 2018}) 11. Ra2 {White is slightly better.} Bd7 12. Qh4 h6 13. O-O Nce7 $146 ({Predecessor:} 13... Qa5 14. Rb1 Qc7 15. Bg5 Nce7 16. a4 {1-0 (47) Minguez Rodriguez,R (2191)-Minguell Soler,J (1885) Barcelona 2016}) 14. Bg5 Bc6 15. Rb1 Qa5 16. a4 (16. Bd2 $14) 16... Qc7 (16... Nc8 $1 $11) 17. Bc1 (17. a5 $1 $16) 17... g5 18. Qh5 Ng6 19. h4 gxh4 20. Nxh4 N8e7 21. Nxg6 (21. Nf3 {is interesting.} O-O-O 22. Nh2 Qa5 23. Ra3 Kb8 24. Ng4) 21... Nxg6 22. Bg4 O-O-O 23. Bh3 Rdg8 24. Bd2 Qe7 25. Re1 Kb8 26. Kh2 Ka8 27. g3 Qf8 28. Raa1 Qg7 29. a5 Nf8 30. Rg1 Be8 31. Qh4 {[%cal Rh4d8]} Nd7 32. Rab1 (32. a6 $16 b6 33. Qe7 (33. Qd8+ Nb8 $14)) 32... Nb8 $14 33. Qe7 {[%csl Gb1][%cal Re7b7]} Bc6 34. Rb2 Re8 35. Qh4 Qg6 36. Ra2 Nd7 37. f4 f5 (37... f6 $11) 38. Bg2 ({White should play} 38. g4 $16 Rhg8 39. a6) 38... h5 39. Bf3 Qf7 40. Kg2 Nf8 41. Rf1 (41. Rh1 $11 {keeps the balance.}) 41... Ng6 $17 42. Qh3 Reg8 43. Kh2 Rh7 44. Raa1 a6 45. Rf2 Ka7 46. Be3 Rhg7 47. Rh1 $2 {[#]} (47. Bd1 $17 {keeps fighting.}) 47... h4 $1 $19 {[%mdl 512] Threatens to win with ...hxg3+.} 48. Rg2 (48. gxh4 Nxh4) 48... hxg3+ 49. Kg1 (49. Qxg3 $142 Nh4 50. Qxh4) 49... Qc7 (49... Nf8 $142 {Hoping for ...Rh7.} 50. Rd2 Qc7) 50. Qxg3 Qxa5 {And now ...Qa1+ would win.} 51. Qe1 Qa3 52. Kf2 Ba4 (52... Ne7 $142 53. Rg5 Qa2) 53. Qd2 (53. Qa1 $142 Qxa1 54. Rxa1 Bxc2 55. Rag1) 53... Qe7 54. Rgh2 Nf8 55. Qc1 Rg3 (55... Rh7 $17 56. Rxh7 Nxh7) 56. Qb2 Qg7 {White must now prevent ...Ng6.} 57. Ke2 Be8 {Strongly threatening ...Rxf3!} 58. Rf1 $2 {[#]} (58. Bf2 $1 $11 {and White has nothing to worry.} Rxf3 59. Kxf3) 58... Rh8 $2 ({Better is} 58... Rxf3 $1 $19 {[%mdl 512]} 59. Rxf3 (59. Kxf3 Bh5+) 59... Qg4) 59. Rxh8 $11 Qxh8 60. Qa3 {[#]} (60. Rb1 $1 $11 Bb5 61. Qa3) 60... Nd7 ({Black should try} 60... Bh5 $1 {aiming for ...Ng6.} 61. Qc5+ Kb8 62. Qd6+ Ka8 63. Bxh5 Qxh5+ 64. Kd2 Qe8) 61. Qe7 $2 {[#]} (61. Rh1 $17 Rh3 62. Qc1) 61... Nb6 $2 {[%mdl 32768] Accuracy: White = 29%, Black = 35%. . Loss on time!?} (61... Bh5 $1 $19 {[%cal Rh5f3]} 62. Bxh5 (62. Qxd7 $2 Bxf3+ 63. Kd2 Qh2+ 64. Bf2 Rg4 $19) 62... Qxh5+ 63. Kd2 Nb6) 0-1

[Event "Bhopal GM Open 2019"]
[Site "Bhopal"]
[Date "2019.12.24"]
[Round "5.12"]
[White "Sahoo, Utkal Ranjan"]
[Black "Harsh Suresh"]
[Result "1-0"]
[WhiteElo "2329"]
[BlackElo "1843"]
[Annotator "TA"]
[PlyCount "63"]
[EventDate "2019.12.21"]
[EventType "swiss"]
[EventCountry "IND"]
[SourceTitle "playchess.com"]
[Source "ChessBase"]
[SourceQuality "1"]

{[%evp 10,104,68,62,62,72,73,68,70,66,65,62,124,83,76,75,82,71,97,83,102,83,103,71,93,95,105,100,102,85,90,83,118,66,69,0,91,66,112,42,164,22,169,173,163,135,145,96,108,109,93,-16,78,89,56,18,36,44,36,9,12,16,529,517,502,494,493,496,471,476,870,817,1863,1859,1520,894,29986,29987,29993,29994,29994,29995,29995,29987,29987,29988,29986,29987,29991,29992,29992,29993,29993,29992,29992,29993,29993]} 1. d4 Nf6 2. c4 e6 3. Nc3 b6 4. e4 d6 5. Bd3 Bb7 6. Nge2 Nbd7 {A50: Queen's Fianchetto Defence (1 d4 Nf6 2 c4 b6)} 7. O-O Be7 8. Ng3 O-O {White is slightly better.} 9. Re1 $146 ({Predecessor:} 9. Be3 c5 10. d5 Ne5 11. Be2 exd5 12. exd5 Bc8 13. h3 g6 14. Qd2 {1-0 (67) Neese,H (2208)-Barlo,W (1905) Halle 2011}) 9... e5 10. d5 Re8 ({Black should play} 10... Ne8 $14) 11. Be3 g6 12. h3 h5 13. Qd2 Nf8 14. b4 N8h7 15. Rab1 h4 16. Nge2 Nh5 17. c5 Bc8 18. cxd6 cxd6 19. Bb5 Rf8 20. f4 f5 21. fxe5 (21. a4 $16) 21... dxe5 $14 22. Bc6 (22. exf5 $14 Bxf5 23. Rbd1) 22... Rb8 (22... f4 $1 $11 {keeps the balance.} 23. d6 (23. Bxa8 fxe3 24. Qd3 Nf4 $16) 23... Qxd6 24. Bxa8 fxe3 25. Qxe3 Bg5 26. Bd5+ Kg7) 23. exf5 $16 gxf5 24. Rbd1 (24. Nb5 $16) 24... f4 ({Better is} 24... Bxb4 $14 25. d6 Qf6) 25. Bf2 (25. d6 $18 Qxd6 26. Qxd6 Bxd6 27. Bxf4 (27. Rxd6 fxe3 28. b5 Kg7 $16) 27... exf4 28. Rxd6) 25... f3 (25... Bd6 $1 $11 {and Black has nothing to worry.}) 26. d6 $18 Bg5 27. Qd5+ {[%mdl 64] Double Attack} Rf7 28. Nd4 Nf4 29. Qxe5 fxg2 30. Re3 (30. Qe8+ $16 Rf8 31. Qxd8 Bxd8 32. Be3 (32. Bxg2 Ng5 $11) 32... Bxh3 33. Bxf4 Rxf4 34. Bxg2) 30... Nxh3+ {[#]} (30... Qf6 $1 $11 31. Qe8+ Rf8) 31. Rxh3 $1 $16 {[%mdl 512]} Bxh3 32. Ne4 {Played: Bc6-d5} 1-0

[Event "Bhopal GM Open 2019"]
[Site "Bhopal"]
[Date "2019.12.24"]
[Round "5.13"]
[White "Shaik Sumer Arsh"]
[Black "Pranav Vijay"]
[Result "0-1"]
[WhiteElo "1826"]
[BlackElo "2265"]
[Annotator "TA"]
[PlyCount "54"]
[EventDate "2019.12.21"]
[EventType "swiss"]
[EventCountry "IND"]
[SourceTitle "playchess.com"]
[Source "ChessBase"]
[SourceQuality "1"]

{[%evp 9,54,41,43,45,47,38,77,76,72,-22,-33,-64,-60,-70,-45,-94,-84,-81,-81,-95,-90,-109,-50,-106,0,-23,-19,-134,-22,-141,-130,-137,-134,-181,-170,-266,-237,-441,-443,-568,-559,-720,-712,-703,-620,-1064,-347]} 1. d4 Nf6 2. Bf4 c5 3. d5 (3. e3 g6 4. c3 b6 5. Na3 Bb7 6. Nf3 Bg7 7. Nb5 Nd5 8. Be5 Bxe5 9. dxe5 Nc7 10. Na3 Nc6 11. h4 {½-½ (41) Kravtsiv,M (2628)-Saric,I (2681) Konya 2019}) 3... b5 4. f3 Nh5 5. Bc1 e6 {aiming for ...Qh4+.} 6. Nh3 {A45: Trompowsky Attack} Nf6 $146 ({Predecessor:} 6... Bb7 7. e4 Qa5+ 8. Bd2 Qb6 9. c4 Be7 10. Nc3 O-O 11. Nxb5 {1-0 (31) Tuncer,T (2298)-Jarmula,L (2475) Graz 2017}) 7. e4 c4 8. dxe6 {White is better.} fxe6 9. e5 (9. a4 $1 $16) 9... Nd5 $11 10. Nf4 Nb6 11. Nc3 Bb4 12. Bd2 Bxc3 13. Bxc3 O-O 14. Qd2 Nc6 15. O-O-O a5 ({Black should play} 15... Bb7 $17 {Hoping for ...b4!} 16. h4 b4 $1 {[%mdl 512]}) 16. Qe3 (16. Qd6 $15) 16... Qg5 (16... Qc7 $1 $17) 17. Bd2 Rb8 18. Re1 {[#]} (18. Nd5 $11 Qxe3 19. Nxe3) 18... Rf5 ({Black should try} 18... Qe7 $1 $17 19. g4 d6) 19. h4 (19. Qc5 $11 {keeps the balance.}) 19... Qe7 $17 20. Bc3 Na4 21. g4 Rf8 22. Bd2 (22. Nh5 {is a better defense.}) 22... Bb7 $19 23. c3 $2 (23. Rh3) 23... b4 {Black is clearly winning.} 24. Bxc4 bxc3 {[%mdl 64] Overworked Piece} 25. bxc3 {If only White now had time for Kc2....} Qa3+ 26. Kc2 Rbc8 {...Nb4+! is the strong threat.} 27. Bc1 {[#]} Qe7 $2 {Accuracy: White = 22%, Black = 58%.} (27... Nb4+ $1 {[%mdl 512]} 28. Kd2 (28. cxb4 Qxa2+) 28... Nb2) 0-1